00543 2200217 4500001002100000005001800021008004100039020001800080035002400098040001200122082001200134090001800146100002300164245001900187250001800206260002700224300003600251650001000287850001200297999001600309YOGYA-0211000000087920110202081623842 ind  a979-533-420-4 0010-021100000000879 aYOPDYOG a631.521 a631.521 Kus A aKuswanto, Hendarto aAnalisis benih aEd. 1, Cet. 1 aYogyakartabAndic1997 avii, 140 hlm . : ilus . ; 23 cm aBibit aYOPDYOG a359-PN/P.00